Britská ópiová cesta do Číny Hongkong Hodina H. 3

Britská koloniálna nadvláda v Hongkongu. Hospodárske a sociálne dôsledky ópiovej vojny s Čínou. Cieľavedomá narkotizácia Číňanov v prvej polovici 19. storočia.

Na minha lista:
Detalhes bibliográficos
Autor principal: Brabec, J.
Formato: Capítulo de Livro
Idioma:eslovaco
Assuntos:
Tags: Adicionar Tag
Sem tags, seja o primeiro a adicionar uma tag!

MARC

LEADER 00000naa a2200000 4500
001 r026861
005 20230824090133.1
041 0 |a slo 
044 |a SK 
245 1 0 |a Britská ópiová cesta do Číny  |b Hongkong Hodina H. 3  |c J. Brabec 
520 |a Britská koloniálna nadvláda v Hongkongu. Hospodárske a sociálne dôsledky ópiovej vojny s Čínou. Cieľavedomá narkotizácia Číňanov v prvej polovici 19. storočia. 
610 2 0 |a Hongkong 
610 2 0 |a Čína 
610 2 0 |a Veľká Británia 
610 2 0 |a kolónie 
610 2 0 |a situácia hospodárska 
610 2 0 |a Jardine Matheson 
100 1 |a Brabec, J.